Sociología del campesinado / (Record no. 66299)

MARC details
000 -LEADER
campo de control de longitud fija 00754nam a2200229 i 4500
001 - NÚMERO DE CONTROL
campo de control 66299
003 - IDENTIFICADOR DE NÚMERO DE CONTROL
campo de control ES-MaACL
005 - FECHA Y HORA DE LA ÚLTIMA TRANSACCIÓN
campo de control 20230906165607.0
007 - CAMPO FIJO DE DESCRIPCIÓN FÍSICA--INFORMACIÓN GENERAL
campo de control de longitud fija t|
008 - DATOS DE LONGITUD FIJA--INFORMACIÓN GENERAL
campo de control de longitud fija 040203s1977 sp ||||1| spa d
100 1# - ENTRADA PRINCIPAL--NOMBRE DE PERSONA
Nombre de persona Galeski, Boguslaw.
9 (RLIN) 53385
245 10 - MENCIÓN DEL TÍTULO
Título Sociología del campesinado /
Mención de responsabilidad, etc. Boguslaw Galeski ; prólogo a la edición castellana de Eduardo Sevilla ; [traduccion de Lluis Flaquer].
250 ## - MENCION DE EDICION
Mención de edición [1ª ed.].
260 ## - PUBLICACIÓN, DISTRIBUCIÓN, ETC.
Lugar de publicación, distribución, etc. [Barcelona] :
Nombre del editor, distribuidor, etc. Península,
Fecha de publicación, distribución, etc. [1977]
300 ## - DESCRIPCIÓN FÍSICA
Extensión 339 p. ;
Dimensiones 20 cm.
490 1# - MENCIÓN DE SERIE
Mención de serie Homo sociologicus ;
Designación de volumen o secuencia 15
700 1# - ENTRADA AGREGADA--NOMBRE PERSONAL
Nombre de persona Sevilla, Eduardo.
9 (RLIN) 105932
700 1# - ENTRADA AGREGADA--NOMBRE PERSONAL
Nombre de persona Flaquer i Vilardebó, Lluís.
9 (RLIN) 51128
830 0# - PUNTO DE ACCESO ADICIONAL DE SERIE-TÍTULO UNIFORME
Título uniforme Homo sociologicus ;
Designación de volumen o secuencia 15
9 (RLIN) 177385
852 ## - LOCALIZACIÓN
Ubicación ES-MaACL
Número de control de estantería A-6934
Sublocalización o colección R.96093
Holdings
Estatus retirado Estado de pérdida Estado de daño No para préstamo Biblioteca de origen Biblioteca actual Ubicación en estantería Fecha de adquisición Fuente de adquisición Total de préstamos Signatura topográfica completa Código de barras Visto por última vez Precio de reemplazo Tipo de ítem Koha
        Biblioteca del Ateneo de Madrid Biblioteca del Ateneo de Madrid Sala Pecera Planta 1 17/01/2008     A-6934 1069459 23/02/2023 23/02/2023 Libro impreso